| 000 | 01166nam a2200337 a 4500 | ||
|---|---|---|---|
| 001 | 000107918 | ||
| 003 | CHAP | ||
| 005 | 20220329143949.0 | ||
| 008 | 131119s2012 it abd |r| |||||||eng d | ||
| 010 | _a104380 | ||
| 011 | _a105352 | ||
| 020 | _a9789251069752 | ||
| 040 | _cCHAP | ||
| 082 | 0 | 4 |
_a639.2 _bF3 v.547 |
| 245 | 1 | 0 |
_aImproving biosecurity through prudent and responsible use of veterinary medicines in aquatic food production. / _ceditado por Melba G. Bondad Reantaso, J. Richard Arthur y Rohana P. Subasinghe. |
| 260 |
_aRoma : _bFAO, _c2012. |
||
| 300 |
_axiv, 207 p. : _bil., diags,., tabs. |
||
| 490 | 1 |
_aDocumento técnico de pesca _v; 547 |
|
| 590 |
_aE5995AHE _b05 _c20131119 _lUCH01 _h0956 |
||
| 590 |
_aE5995AHE _b05 _c20131119 _lUCH01 _h0958 |
||
| 650 | 1 | 4 |
_aAcuicultura _9758 |
| 650 | 1 | 4 |
_aPeces _xAlimentación. _986442 |
| 650 | 1 | 4 |
_aVeterinaria _xMedicamentos. _9119002 |
| 700 | 0 |
_aArthur, James Richard _b, ed. _9175527 |
|
| 700 | 0 |
_aSubasinghe, Rohana P. _b, ed. _9175528 |
|
| 700 | 1 |
_aBondad Reantaso, Melba G. _e, ed. _913655 |
|
| 830 | 0 | 0 |
_aDocumento técnico de pesca _v; 547 _933242 |
| 901 | _aBK | ||
| 942 | _cLIBRO | ||
| 942 | _n0 | ||
| 999 |
_c104380 _d104380 |
||